[Event "Niedersachsen-ch op-C"]
[Site "Verden"]
[Date "2013.01.05"]
[Round "5"]
[White "Buchloh, Falk"]
[Black "Laubrock, Johannes"]
[Result "1-0"]
[WhiteElo "936"]
[BlackElo "733"]
[PlyCount "77"]
[EventDate "2013.01.03"]
[EventType "swiss"]
[EventRounds "7"]
[EventCountry "GER"]
[SourceTitle "EXT 2021"]
[Source "ChessBase"]
[SourceDate "2020.10.23"]
[SourceVersion "1"]
[SourceVersionDate "2020.10.23"]
[SourceQuality "1"]

1. d4 d5 2. c4 c6 3. e3 Bf5 4. Bd3 Bxd3 5. Qxd3 e6 6. Nf3 Bb4+ 7. Bd2 Qa5 8. Bxb4 Qxb4+ 9. Qc3 Na6 10. Qxb4 Nxb4 11. 0-0 Nc2 12. Nbd2 Nxa1 13. Rxa1 Nf6 14. cxd5 cxd5 15. Nb3 0-0 16. Rc1 Rfc8 17. h3 Rxc1+ 18. Nxc1 Ne4 19. Nd3 Rc8 20. a3 a5 21. Nfe5 b5 22. g3 f6 23. Nd7 Ng5 24. Kg2 Rd8 25. N7c5 Re8 26. h4 Ne4 27. Nf4 Nxc5 28. dxc5 e5 29. Nxd5 Rc8 30. Ne7+ Kf7 31. Nxc8 b4 32. c6 Ke8 33. Na7 Kd8 34. Kf3 Kc7 35. Ke4 Kb6 36. Kd5 Kxa7 37. Kd6 Kb8 38. Kd7 bxa3 39. bxa3 1-0